[Event "FIDE World Cup 2025"]
[Site "Goa, India"]
[Date "2025.11.02"]
[Round "2.40"]
[White "Kuybokarov, Temur"]
[Black "Subelj, Jan"]
[Result "1/2-1/2"]
[TimeControl ": 90 minutes for the first 40 moves, followed by 30 minutes for the rest of the gamewith an increment of 30 seconds per move starting from move 1"]
[WhiteFideId "14203049"]
[BlackFideId "14618583"]
[WhiteElo "2535"]
[BlackElo "2545"]

1. e4 {[%clk 01:30:55]} {[%emt 00:00:04]} e5 {[%clk 01:30:30]} {[%emt
00:00:31]} 2. Nf3 {[%clk 01:31:09]} {[%emt 00:00:16]} Nc6 {[%clk 01:30:37]}
{[%emt 00:00:23]} 3. Bb5 {[%clk 01:31:20]} {[%emt 00:00:20]} a6 {[%clk
01:30:26]} {[%emt 00:00:42]} 4. Ba4 {[%clk 01:31:41]} {[%emt 00:00:09]} Nf6
{[%clk 01:30:31]} {[%emt 00:00:23]} 5. O-O {[%clk 01:31:44]} {[%emt 00:00:28]}
Be7 {[%clk 01:30:31]} {[%emt 00:00:30]} 6. d3 {[%clk 01:31:32]} {[%emt
00:00:42]} b5 {[%clk 01:30:35]} {[%emt 00:00:27]} 7. Bb3 {[%clk 01:31:56]}
{[%emt 00:00:06]} d6 {[%clk 01:30:44]} {[%emt 00:00:21]} 8. a4 {[%clk
01:32:00]} {[%emt 00:00:26]} Bd7 {[%clk 01:29:06]} {[%emt 00:02:09]} 9. c3
{[%clk 01:31:53]} {[%emt 00:00:37]} O-O {[%clk 01:26:10]} {[%emt 00:03:26]} 10.
Ba2 {[%clk 01:31:12]} {[%emt 00:01:11]} h6 {[%clk 01:13:10]} {[%emt 00:13:30]}
11. h3 {[%clk 01:29:30]} {[%emt 00:02:11]} Re8 {[%clk 01:10:27]} {[%emt
00:03:13]} 12. Be3 {[%clk 01:28:26]} {[%emt 00:01:35]} Bf8 {[%clk 01:06:31]}
{[%emt 00:04:27]} 13. Nbd2 {[%clk 01:26:57]} {[%emt 00:01:58]} b4 {[%clk
01:04:15]} {[%emt 00:02:46]} 14. d4 {[%clk 01:10:01]} {[%emt 00:17:26]} bxc3
{[%clk 01:01:52]} {[%emt 00:02:52]} 15. bxc3 {[%clk 01:02:44]} {[%emt
00:07:47]} exd4 {[%clk 00:55:30]} {[%emt 00:06:52]} 16. cxd4 {[%clk 00:58:13]}
{[%emt 00:04:59]} Nxe4 {[%clk 00:50:56]} {[%emt 00:05:05]} 17. Nxe4 {[%clk
00:56:28]} {[%emt 00:02:14]} Rxe4 {[%clk 00:51:21]} {[%emt 00:00:06]} 18. Bd5
{[%clk 00:56:25]} {[%emt 00:00:33]} Re7 {[%clk 00:51:03]} {[%emt 00:00:47]} 19.
Rc1 {[%clk 00:51:06]} {[%emt 00:05:50]} Qe8 {[%clk 00:49:51]} {[%emt 00:01:42]}
20. Nh4 {[%clk 00:49:15]} {[%emt 00:02:21]} Nb4 {[%clk 00:49:26]} {[%emt
00:00:55]} 21. Bxa8 {[%clk 00:48:08]} {[%emt 00:01:38]} Qxa8 {[%clk 00:49:50]}
{[%emt 00:00:06]} 22. Rxc7 {[%emt 00:14:02]} Qe4 {[%clk 00:39:43]} {[%emt
00:00:01]} 23. Nf3 {[%clk 00:43:34]} {[%emt 00:02:06]} Nd5 {[%clk 00:38:52]}
{[%emt 00:01:22]} 24. Rc1 {[%clk 00:33:17]} {[%emt 00:10:48]} Qg6 {[%clk
00:29:49]} {[%emt 00:09:32]} 25. Kh1 {[%clk 00:27:43]} {[%emt 00:06:03]} Rxe3
{[%clk 00:17:04]} {[%emt 00:13:15]} 26. fxe3 {[%clk 00:27:57]} {[%emt
00:00:16]} Nxe3 {[%clk 00:17:28]} {[%emt 00:00:06]} 27. Qe2 {[%clk 00:24:17]}
{[%emt 00:04:10]} Nxf1 {[%clk 00:17:46]} {[%emt 00:00:13]} 28. Qxf1 {[%clk
00:19:58]} {[%emt 00:04:48]} Bxa4 {[%clk 00:18:03]} {[%emt 00:00:13]} 29. Rc8
{[%clk 00:16:30]} {[%emt 00:03:58]} Bb5 {[%clk 00:10:30]} {[%emt 00:08:03]} 30.
Qc1 {[%clk 00:16:48]} {[%emt 00:00:12]} Qf6 {[%clk 00:10:13]} {[%emt 00:00:47]}
31. d5 {[%clk 00:14:04]} {[%emt 00:03:15]} Bd7 {[%clk 00:09:18]} {[%emt
00:01:24]} 32. Rb8 {[%clk 00:07:37]} {[%emt 00:06:57]} Bxh3 {[%clk 00:07:25]}
{[%emt 00:02:23]} 33. Qc6 {[%clk 00:06:41]} {[%emt 00:01:25]} Bg4 {[%clk
00:07:23]} {[%emt 00:00:31]} 34. Qe8 {[%clk 00:04:37]} {[%emt 00:02:34]} Bxf3
{[%clk 00:07:41]} {[%emt 00:00:12]} 35. Qxf8+ {[%clk 00:04:38]} {[%emt
00:00:29]} Kh7 {[%clk 00:08:06]} {[%emt 00:00:06]} 36. gxf3 {[%clk 00:04:22]}
{[%emt 00:00:46]} Qxf3+ {[%clk 00:08:30]} {[%emt 00:00:06]} 37. Kg1 {[%clk
00:04:41]} {[%emt 00:00:11]} Qd1+ {[%clk 00:08:55]} {[%emt 00:00:05]} 38. Kf2
{[%clk 00:05:00]} {[%emt 00:00:11]} Qd2+ {[%clk 00:09:21]} {[%emt 00:00:04]} 39.
Kf1 {[%clk 00:05:11]} {[%emt 00:00:19]} Qd1+ {[%clk 00:09:47]} {[%emt
00:00:04]} 40. Kf2 {[%clk 00:05:38]} {[%emt 00:00:03]} Qd2+ {[%clk 00:10:13]}
{[%emt 00:00:04]} 41. Kf1 {[%clk 00:06:03]} {[%emt 00:00:05]} Qd1+ {[%emt
00:00:04]} 1/2-1/2

[Event "FIDE World Cup 2025"]
[Site "Goa, India"]
[Date "2025.11.02"]
[Round "2.41"]
[White "Mekhitarian, Krikor Sevag"]
[Black "Petrov, Martin"]
[Result "0-1"]
[TimeControl ": 90 minutes for the first 40 moves, followed by 30 minutes for the rest of the gamewith an increment of 30 seconds per move starting from move 1"]
[WhiteFideId "2107660"]
[BlackFideId "2911086"]
[WhiteElo "2545"]
[BlackElo "2540"]

1. c4 {[%clk 01:30:58]} {[%emt 00:00:02]} e6 {[%clk 01:27:53]} {[%emt
00:03:05]} 2. Nc3 {[%clk 01:31:20]} {[%emt 00:00:10]} Bb4 {[%clk 01:27:39]}
{[%emt 00:00:43]} 3. Qc2 {[%clk 01:31:35]} {[%emt 00:00:15]} Nf6 {[%clk
01:27:10]} {[%emt 00:00:59]} 4. a3 {[%clk 01:31:45]} {[%emt 00:00:21]} Bxc3
{[%clk 01:27:14]} {[%emt 00:00:25]} 5. Qxc3 {[%clk 01:32:13]} {[%emt 00:00:03]}
O-O {[%clk 01:26:57]} {[%emt 00:00:46]} 6. Nf3 {[%clk 01:29:52]} {[%emt
00:02:52]} d6 {[%clk 01:21:40]} {[%emt 00:05:47]} 7. b4 {[%clk 01:29:15]}
{[%emt 00:01:08]} e5 {[%clk 01:21:37]} {[%emt 00:00:32]} 8. Bb2 {[%clk
01:29:33]} {[%emt 00:00:12]} Re8 {[%clk 01:19:50]} {[%emt 00:02:16]} 9. e3
{[%clk 01:28:29]} {[%emt 00:01:35]} Bg4 {[%clk 01:17:08]} {[%emt 00:03:12]} 10.
h3 {[%clk 01:16:28]} {[%emt 00:12:31]} Bxf3 {[%clk 01:14:07]} {[%emt 00:03:31]}
11. gxf3 {[%clk 01:15:53]} {[%emt 00:01:05]} a5 {[%clk 01:13:51]} {[%emt
00:00:46]} 12. b5 {[%clk 01:15:35]} {[%emt 00:00:49]} Nbd7 {[%clk 01:10:26]}
{[%emt 00:03:54]} 13. d4 {[%clk 00:55:46]} {[%emt 00:20:19]} c6 {[%clk
00:59:25]} {[%emt 00:11:30]} 14. dxe5 {[%clk 00:44:41]} {[%emt 00:11:35]} dxe5
{[%clk 00:58:28]} {[%emt 00:01:27]} 15. Rd1 {[%clk 00:29:56]} {[%emt 00:15:15]}
Qe7 {[%clk 00:57:53]} {[%emt 00:01:05]} 16. Rg1 {[%clk 00:29:53]} {[%emt
00:00:33]} cxb5 {[%clk 00:32:43]} {[%emt 00:25:40]} 17. cxb5 {[%clk 00:30:11]}
{[%emt 00:00:12]} Rec8 {[%clk 00:33:08]} {[%emt 00:00:05]} 18. Qd3 {[%clk
00:14:19]} {[%emt 00:16:22]} Rc5 {[%clk 00:32:11]} {[%emt 00:01:26]} 19. Qd6
{[%clk 00:09:53]} {[%emt 00:04:56]} Qxd6 {[%clk 00:31:51]} {[%emt 00:00:50]} 20.
Rxd6 {[%clk 00:10:21]} {[%emt 00:00:02]} Rac8 {[%clk 00:32:04]} {[%emt
00:00:17]} 21. Be2 {[%clk 00:03:09]} {[%emt 00:07:42]} a4 {[%clk 00:25:02]}
{[%emt 00:07:32]} 22. Rd2 {[%clk 00:01:01]} {[%emt 00:02:38]} Kf8 {[%clk
00:24:00]} {[%emt 00:01:32]} 23. Bd3 {[%clk 00:01:08]} {[%emt 00:00:23]} g6
{[%clk 00:18:13]} {[%emt 00:06:17]} 24. Ke2 {[%clk 00:01:35]} {[%emt 00:00:03]}
Ke7 {[%clk 00:18:40]} {[%emt 00:00:04]} 25. Rb1 {[%clk 00:00:55]} {[%emt
00:01:10]} Nd5 {[%clk 00:15:27]} {[%emt 00:03:42]} 26. Be4 {[%clk 00:01:05]}
{[%emt 00:00:20]} Ke6 {[%clk 00:15:53]} {[%emt 00:00:04]} 27. Bxd5+ {[%clk
00:00:41]} {[%emt 00:00:54]} Rxd5 {[%clk 00:16:19]} {[%emt 00:00:04]} 28. Rxd5
{[%clk 00:01:00]} {[%emt 00:00:12]} Kxd5 {[%clk 00:16:44]} {[%emt 00:00:05]} 29.
Kd2 {[%clk 00:00:38]} {[%emt 00:00:52]} Nc5 {[%clk 00:15:03]} {[%emt 00:02:11]}
30. Ke2 {[%clk 00:00:35]} {[%emt 00:00:33]} Nb3 {[%clk 00:15:16]} {[%emt
00:00:17]} 31. Kd3 {[%clk 00:00:56]} {[%emt 00:00:08]} Rc5 {[%clk 00:15:25]}
{[%emt 00:00:21]} 32. Bc3 {[%clk 00:00:59]} {[%emt 00:00:28]} Rxb5 {[%clk
00:15:42]} {[%emt 00:00:13]} 33. Bb4 {[%clk 00:01:07]} {[%emt 00:00:22]} Rb6
{[%clk 00:15:33]} {[%emt 00:00:40]} 34. Rd1 {[%clk 00:00:48]} {[%emt 00:00:49]}
Rc6 {[%clk 00:01:56]} {[%emt 00:14:07]} 35. Ke2+ {[%clk 00:01:05]} {[%emt
00:00:13]} Ke6 {[%clk 00:02:25]} {[%emt 00:00:01]} 36. Rd8 {[%clk 00:01:29]}
{[%emt 00:00:06]} Nc5 {[%clk 00:02:47]} {[%emt 00:00:07]} 37. Rb8 {[%clk
00:01:09]} {[%emt 00:00:51]} Rc7 {[%clk 00:02:52]} {[%emt 00:00:25]} 38. Bxc5
{[%clk 00:00:47]} {[%emt 00:00:52]} Rxc5 {[%clk 00:03:17]} {[%emt 00:00:05]} 39.
Rxb7 {[%clk 00:01:12]} {[%emt 00:00:05]} Rc2+ {[%clk 00:02:34]} {[%emt
00:01:13]} 40. Kf1 {[%clk 00:01:11]} {[%emt 00:00:31]} Ra2 {[%clk 00:02:56]}
{[%emt 00:00:08]} 41. Rb6+ {[%clk 00:00:47]} {[%emt 00:00:54]} Ke7 {[%clk
00:02:41]} {[%emt 00:00:44]} 42. Rb7+ {[%clk 00:29:33]} {[%emt 00:01:44]} Kf6
{[%clk 00:12:26]} {[%emt 00:20:45]} 43. Rb6+ {[%clk 00:29:40]} {[%emt
00:00:24]} Kg7 {[%clk 00:09:48]} {[%emt 00:03:08]} 44. Rb5 {[%clk 00:29:45]}
{[%emt 00:00:25]} f6 {[%clk 00:07:23]} {[%emt 00:02:55]} 45. Rb7+ {[%clk
00:29:18]} {[%emt 00:00:56]} Kg8 {[%clk 00:07:52]} 46. Rb8+ {[%clk 00:04:15]}
{[%emt 00:25:34]} Kf7 {[%clk 00:08:17]} {[%emt 00:00:05]} 47. Rb7+ {[%clk
00:04:42]} {[%emt 00:00:04]} Kg8 {[%clk 00:08:22]} {[%emt 00:00:24]} 48. Rb8+
{[%clk 00:05:07]} {[%emt 00:00:06]} Kf7 {[%clk 00:08:49]} {[%emt 00:00:02]} 49.
Rb7+ {[%clk 00:05:33]} {[%emt 00:00:04]} Ke6 {[%clk 00:09:17]} {[%emt
00:00:02]} 50. Rxh7 {[%clk 00:05:59]} {[%emt 00:00:04]} Rxa3 {[%clk 00:09:29]}
{[%emt 00:00:18]} 51. Ra7 {[%clk 00:05:38]} {[%emt 00:00:51]} g5 {[%clk
00:09:44]} {[%emt 00:00:15]} 52. f4 {[%clk 00:01:57]} {[%emt 00:04:11]} gxf4
{[%clk 00:07:16]} {[%emt 00:02:58]} 53. exf4 {[%clk 00:02:25]} {[%emt
00:00:03]} e4 {[%clk 00:07:42]} {[%emt 00:00:04]} 54. Ra5 {[%clk 00:01:10]}
{[%emt 00:01:45]} Rxh3 {[%clk 00:07:24]} {[%emt 00:00:48]} 55. Rxa4 {[%clk
00:01:35]} {[%emt 00:00:06]} Kf5 {[%clk 00:07:51]} {[%emt 00:00:03]} 56. Ra6
{[%clk 00:01:33]} {[%emt 00:00:32]} Rf3 {[%clk 00:06:35]} {[%emt 00:01:46]} 57.
Ke2 {[%clk 00:01:37]} {[%emt 00:00:27]} Rb3 {[%clk 00:06:22]} {[%emt 00:00:43]}
58. Rc6 {[%clk 00:01:14]} {[%emt 00:00:53]} Ra3 {[%clk 00:06:46]} {[%emt
00:00:06]} 59. Rb6 {[%clk 00:01:38]} {[%emt 00:00:07]} Ra2+ {[%clk 00:07:08]}
{[%emt 00:00:07]} 60. Ke3 {[%clk 00:01:56]} {[%emt 00:00:12]} Ra3+ {[%clk
00:07:34]} {[%emt 00:00:04]} 61. Ke2 {[%clk 00:02:21]} {[%emt 00:00:05]} Rf3
{[%clk 00:07:58]} {[%emt 00:00:05]} 62. Ra6 {[%clk 00:02:13]} {[%emt 00:00:39]}
Rxf4 {[%clk 00:08:22]} {[%emt 00:00:06]} 63. Ra5+ {[%clk 00:02:24]} {[%emt
00:00:19]} Kg4 {[%clk 00:08:44]} {[%emt 00:00:07]} 64. Ra4 {[%clk 00:01:13]}
{[%emt 00:01:42]} Kg5 {[%clk 00:08:31]} {[%emt 00:00:43]} 65. Ra3 {[%clk
00:01:01]} {[%emt 00:00:43]} Rh4 {[%clk 00:08:40]} {[%emt 00:00:20]} 66. Kf1
{[%clk 00:01:12]} {[%emt 00:00:19]} Kf4 {[%clk 00:07:52]} {[%emt 00:01:18]} 67.
Kg2 {[%clk 00:01:25]} {[%emt 00:00:18]} Rh5 {[%clk 00:08:16]} {[%emt 00:00:06]}
68. Rb3 {[%clk 00:01:46]} {[%emt 00:00:09]} Rd5 {[%clk 00:08:16]} {[%emt
00:00:29]} 69. Rh3 {[%clk 00:01:07]} {[%emt 00:01:08]} f5 {[%clk 00:08:27]}
{[%emt 00:00:19]} 70. Rh4+ {[%clk 00:01:28]} {[%emt 00:00:09]} Kg5 {[%clk
00:08:51]} {[%emt 00:00:06]} 71. Rh8 {[%clk 00:01:48]} {[%emt 00:00:10]} Rd2
{[%clk 00:09:09]} {[%emt 00:00:12]} 72. Kf1 {[%clk 00:01:01]} {[%emt 00:01:17]}
Kg4 {[%clk 00:07:53]} {[%emt 00:01:46]} 73. Rb8 {[%clk 00:00:53]} {[%emt
00:00:38]} f4 {[%clk 00:08:02]} {[%emt 00:00:22]} 74. Ke1 {[%clk 00:00:42]}
{[%emt 00:00:41]} Ra2 {[%clk 00:07:22]} {[%emt 00:01:10]} 75. Rb3 {[%clk
00:01:11]} {[%emt 00:00:02]} Ra1+ {[%clk 00:06:39]} {[%emt 00:01:13]} 76. Kd2
{[%clk 00:01:14]} {[%emt 00:00:27]} Rh1 {[%clk 00:07:04]} {[%emt 00:00:05]} 77.
Ke2 {[%clk 00:00:46]} {[%emt 00:00:58]} f3+ {[%clk 00:07:13]} {[%emt 00:00:21]}
78. Ke3 {[%clk 00:00:35]} {[%emt 00:00:41]} Re1+ {[%clk 00:07:39]} {[%emt
00:00:04]} 79. Kd4 {[%clk 00:00:59]} {[%emt 00:00:06]} Kh3 {[%clk 00:07:54]}
{[%emt 00:00:16]} 0-1

[Event "FIDE World Cup 2025"]
[Site "Goa, India"]
[Date "2025.11.02"]
[Round "2.42"]
[White "Raja, Rithvik R"]
[Black "Nogerbek, Kazybek"]
[Result "1/2-1/2"]
[TimeControl ": 90 minutes for the first 40 moves, followed by 30 minutes for the rest of the gamewith an increment of 30 seconds per move starting from move 1"]
[WhiteFideId "35007394"]
[BlackFideId "13710427"]
[WhiteElo "2541"]
[BlackElo "2543"]

1. c4 {[%clk 01:30:54]} {[%emt 00:00:05]} e6 {[%clk 01:30:51]} {[%emt
00:00:09]} 2. Nc3 {[%clk 01:31:16]} {[%emt 00:00:09]} d5 {[%clk 01:31:13]}
{[%emt 00:00:07]} 3. d4 {[%clk 01:31:37]} {[%emt 00:00:09]} Nf6 {[%clk
01:31:37]} {[%emt 00:00:06]} 4. cxd5 {[%clk 01:32:03]} {[%emt 00:00:05]} exd5
{[%clk 01:31:57]} {[%emt 00:00:10]} 5. Bg5 {[%clk 01:32:28]} {[%emt 00:00:05]}
Be7 {[%clk 01:32:16]} {[%emt 00:00:10]} 6. e3 {[%clk 01:32:51]} {[%emt
00:00:08]} O-O {[%clk 01:32:39]} {[%emt 00:00:07]} 7. Bd3 {[%clk 01:33:12]}
{[%emt 00:00:09]} Re8 {[%clk 01:33:00]} {[%emt 00:00:09]} 8. Nge2 {[%clk
01:33:34]} {[%emt 00:00:08]} h6 {[%clk 01:33:05]} {[%emt 00:00:25]} 9. Bh4
{[%clk 01:33:54]} {[%emt 00:00:10]} c6 {[%clk 01:33:21]} {[%emt 00:00:14]} 10.
O-O {[%clk 01:33:59]} {[%emt 00:00:25]} a5 {[%clk 01:33:45]} {[%emt 00:00:06]}
11. h3 {[%clk 01:33:02]} {[%emt 00:01:27]} Nbd7 {[%clk 01:29:12]} {[%emt
00:05:03]} 12. Qc2 {[%clk 01:28:36]} {[%emt 00:04:56]} b5 {[%clk 01:26:51]}
{[%emt 00:02:51]} 13. Nb1 {[%clk 01:27:43]} {[%emt 00:01:23]} Qb6 {[%clk
01:22:21]} {[%emt 00:05:00]} 14. Nd2 {[%clk 01:24:11]} {[%emt 00:04:02]} c5
{[%clk 01:16:11]} {[%emt 00:06:40]} 15. dxc5 {[%clk 01:03:06]} {[%emt
00:21:35]} Nxc5 {[%clk 01:11:58]} {[%emt 00:04:44]} 16. Rfc1 {[%clk 00:59:20]}
{[%emt 00:04:16]} b4 {[%clk 01:04:44]} {[%emt 00:07:43]} 17. Bf5 {[%clk
00:49:54]} {[%emt 00:09:56]} Bb7 {[%clk 00:53:14]} {[%emt 00:12:00]} 18. Nb3
{[%clk 00:42:04]} {[%emt 00:08:20]} Nce4 {[%clk 00:44:43]} {[%emt 00:09:01]} 19.
Nbd4 {[%clk 00:39:26]} {[%emt 00:03:08]} g6 {[%clk 00:39:44]} {[%emt 00:05:29]}
20. Qc7 {[%clk 00:30:19]} {[%emt 00:09:36]} Bd8 {[%clk 00:38:40]} {[%emt
00:01:34]} 21. Qxb6 {[%clk 00:30:06]} {[%emt 00:00:43]} Bxb6 {[%clk 00:39:02]}
{[%emt 00:00:08]} 22. Bxf6 {[%clk 00:26:27]} {[%emt 00:04:09]} Nxf6 {[%clk
00:37:27]} {[%emt 00:02:05]} 23. Bd3 {[%clk 00:26:50]} {[%emt 00:00:06]} Rec8
{[%clk 00:34:42]} {[%emt 00:03:15]} 24. a3 {[%clk 00:24:17]} {[%emt 00:03:03]}
Ne4 {[%clk 00:29:12]} {[%emt 00:06:00]} 25. Rxc8+ {[%clk 00:20:54]} {[%emt
00:03:54]} Rxc8 {[%clk 00:29:29]} {[%emt 00:00:12]} 26. axb4 {[%clk 00:21:19]}
{[%emt 00:00:06]} axb4 {[%clk 00:29:51]} {[%emt 00:00:08]} 27. Ra4 {[%clk
00:19:10]} {[%emt 00:02:40]} Bc5 {[%clk 00:22:28]} {[%emt 00:07:52]} 28. Nb3
{[%clk 00:18:37]} {[%emt 00:01:03]} Bf8 {[%clk 00:18:18]} {[%emt 00:04:40]} 29.
Ra7 {[%clk 00:17:16]} {[%emt 00:01:51]} Nd6 {[%clk 00:17:44]} {[%emt 00:01:04]}
30. Nbd4 {[%clk 00:13:29]} {[%emt 00:04:17]} 1/2-1/2

[ePGN "0.1;DGT LiveChess/2.2.6"]